| 000 | 00693nam a2200217 i 4500 | ||
|---|---|---|---|
| 001 | 93158 | ||
| 003 | ES-MaACL | ||
| 005 | 20250808002334.0 | ||
| 007 | t| | ||
| 008 | 050408s1962 sp ||||1| spa d | ||
| 080 | _a331.24 | ||
| 100 | 1 |
_aLondoño, Carlos Mario. _973221 |
|
| 245 | 1 | 3 |
_aLa participación de los trabajadores en los beneficios de la empresa / _cCarlos Mario Londoño. |
| 260 |
_aMadrid : _bRialp, _c1962. |
||
| 300 |
_a175 p. ; _c25 cm. |
||
| 490 | 1 |
_aLa empresa y el hombre. Serie A ; _v20 |
|
| 650 |
_aParticipación de los trabajadores. _915852 |
||
| 830 | 1 | 3 |
_aLa empresa y el hombre _v20 _9231650 |
| 852 | 4 |
_aES-MaACL _jC-22499 |
|
| 999 |
_c93158 _d93158 |
||